000 00290nam a2200097Ia 4500
001 639901
005 20250826153437.0
008 250824s9999 xx 000 0 und d
245 0 _aDEĞİRMENİMDEN MEKTUPLAR ANTİK OKUL KLASİKLERİ
_cALPHONSE DAUDET
260 _bANTİK DÜNYA KLASİKLERİ
999 _c639901
_d639901